Environmental policy, public finance and the labour market in a second-best world
Na minha lista:
| Autor principal: | |
|---|---|
| Outros Autores: | |
| Formato: | Livro |
| Idioma: | inglês |
| Publicado em: |
Praha
CERGE
1993
|
| Colecção: | Working paper series
Working paper no. 31 |
| Assuntos: | |
| Tags: |
Sem tags, seja o primeiro a adicionar uma tag!
|
MARC
| LEADER | 00000nam a2200000 4500 | ||
|---|---|---|---|
| 001 | c101192 | ||
| 005 | 20221123112338.7 | ||
| 041 | 0 | |a eng | |
| 044 | |a CZ | ||
| 245 | 1 | 0 | |a Environmental policy, public finance and the labour market in a second-best world |c A.L. Bovenberg, F. van der Ploeg |
| 264 | 1 | |a Praha |b CERGE |c 1993 | |
| 300 | |a 37 s. | ||
| 490 | 1 | |a Working paper series |v Working paper no. 31 | |
| 830 | 0 | |a Working paper series |v Working paper no. 31 | |
| 610 | 2 | 0 | |a politika environmentálna |
| 610 | 2 | 0 | |a svet |
| 610 | 2 | 0 | |a znečistenie prostredia životného |
| 610 | 2 | 0 | |a aktivita hospodárska |
| 610 | 2 | 0 | |a financie verejné |
| 610 | 2 | 0 | |a trh práce |
| 100 | 1 | |a Bovenberg, A.L. | |
| 700 | 1 | |a Ploeg, Frederick van der | |